| 000 | 00716nam a2200181Ia 4500 | ||
|---|---|---|---|
| 008 | 151202s9999||||xx |||||||||||||| ||und|| | ||
| 082 | _bPNVM-65447 | ||
| 100 | _aकटककर एम. | ||
| 245 | _aहस्तसामुद्रिकशास्त्राचे अंतरंग. | ||
| 260 | _b"उत्कर्ष प्रकाशन, पुणे." | ||
| 260 | _c2004 | ||
| 300 | _a288 | ||
| 600 | _aकटककर एम. | ||
| 630 | _aहस्तसामुद्रिकशास्त्राचे अंतरंग. | ||
| 700 | _aकटककर एम. | ||
| 730 | _aहस्तसामुद्रिकशास्त्राचे अंतरंग. | ||
| 942 | _cBOOK | ||
| 999 |
_c1331979 _d1331976 |
||